Environmental Science (Record no. 43944)

MARC details
000 -LEADER
fixed length control field 00493nam a2200193Ia 4500
008 - FIXED-LENGTH DATA ELEMENTS--GENERAL INFORMATION
fixed length control field 220531s9999 xx 000 0 und d
041 ## - LANGUAGE CODE
Language code of text/sound track or separate title eng
082 ## - DEWEY DECIMAL CLASSIFICATION NUMBER
Item number ENV / SAN
100 ## - MAIN ENTRY--PERSONAL NAME
Personal name Santra, S. C.
9 (RLIN) 79401
245 ## - TITLE STATEMENT
Title Environmental Science
250 ## - EDITION STATEMENT
Edition statement 3RD
260 ## - PUBLICATION, DISTRIBUTION, ETC. (IMPRINT)
Place of publication, distribution, etc. london
Name of publisher, distributor, etc. New Central Book Agency
Date of publication, distribution, etc. 2016
300 ## - PHYSICAL DESCRIPTION
Extent 1529
542 ## - INFORMATION RELATING TO COPYRIGHT STATUS
Copyright holder 20-04-2017
551 ## -
-- Geography
-- Grantable-GEO
650 ## - SUBJECT ADDED ENTRY--TOPICAL TERM
Topical term or geographic name as entry element Enviornment
9 (RLIN) 79402
906 ## - LOCAL DATA ELEMENT F, LDF (RLIN)
d 2017-2018
f 10535
Holdings
Withdrawn status Lost status Source of classification or shelving scheme Damaged status Not for loan Collection code Home library Current library Date acquired Vendor Cost, normal purchase price Total Checkouts Total Holds Full call number Barcode Date last seen Cost, replacement price Bill Date Koha item type Original Barcode
    Dewey Decimal Classification       Shri Siddhivinayak Mahila Mahavidyalaya Shri Siddhivinayak Mahila Mahavidyalaya 15/05/2017 Creative Book Service 723.00   1 /ENV/SAN/B/17872 SSMM-BK-17872 06/08/2022 723.00 06/08/2022 Books 010017872